| 000 | 00000nam##2200000za#4500 |
| 001 | 9.571011 |
| 003 | CaOODSP |
| 005 | 20210624182521 |
| 007 | cr ||||||||||| |
| 008 | 150406|2007||||xxc|||||o f|0| 0 eng|d |
| 040 | |aCaOODSP|beng |
| 043 | |an-cn--- |
| 086 | 1 |aYC24-0/392-5E-PDF |
| 110 | 1 |aCanada. |bParliament. |bSenate. |bStanding Committee on Legal and Constitutional Affairs. |
| 245 | 10|aTaking section 35 rights seriously : |h[electronic resource]|bnon-derogation clauses relating to Aboriginal and treaty rights |
| 246 | 3 |aFinal report of the Standing Senate Committee on Legal and Constitutional Affairs |
| 260 | |aOttawa - Ontario : |bSenate. |cDecember 2007. |
| 300 | |a48p.|breferences |
| 490 | 1 |aReport of the Standing Senate Committee on Legal and Constitutional Affairs|v[30th Parliament, 2nd Session, 5th report] |
| 590 | |a11-12-Supp|b2011-07-29 |
| 775 | 08|tPrendre au sérieux les droits confirmés à l'article 35 : |w(CaOODSP)9.601654 |
| 830 | #0|aReport of the Standing Senate Committee on Legal and Constitutional Affairs ;|v[30th Parliament, 2nd Session, 5th report]|w(CaOODSP)9.506411 |
| 856 | 40|ahttp://publications.gc.ca|qPDF|s141 KB|uhttps://publications.gc.ca/collections/collection_2011/sen/yc24-0/YC24-0-392-5-eng.pdf|y[30th Parliament, 2nd Session, 5th report] |